| 000 | 00729nam a2200205 a 4500 | ||
|---|---|---|---|
| 003 | PILC | ||
| 005 | 20150112093435.0 | ||
| 008 | 100723s19uu xx 00 eng d | ||
| 020 | _a157851875 | ||
| 050 |
_aHF 5549.5.S38 _b.H37 2002 |
||
| 082 |
_aMHSF 658.311 _bH26 2002 |
||
| 100 |
_aHarvard Business School Press _915191 |
||
| 245 |
_aHiring and keeping the best people : _bYour mentor and guide to doing business effectively / |
||
| 260 |
_aBoston, Massachusetts : _bHarvard Business School Publishing, _c2002. |
||
| 300 |
_a170 pages : _c22 cm. |
||
| 440 |
_aHarvard Business Essentials Series _915192 |
||
| 650 |
_aEmployee selection _915667 |
||
| 650 |
_aEmployee retention _xEmployee motivation _915668 |
||
| 942 |
_2lcc _cBK |
||
| 999 |
_c14531 _d14531 |
||